000 01390nam a2200265Ia 4500
999 _c41239
_d41239
001 7891
003 GE_BSU
005 20200114112425.0
008 181216s2013||||ge |||||||||||||| ||geo||
020 _a9789941212680
040 _cGE_BSU
041 _ageo
080 _a27-36.47 ს–32
245 _aსაქართველოს სამოთხის ყვავილები /
_cშემდგ. კახაბერ კენკიშვილი; პროექტის რედ. თამარ მამაცაშვილი.
264 _aთბილისი :
_bპალიტრა L,
_c2013.
300 _a165 გვ.;
_b20 სმ.
490 _aსაქართველოს იმედი :
_vყველა წმინდანი, რომელთა შესახებაც უნდა იცოდე, წ.25
_xISSN 2298-0547
653 _aქართველ წმინდანთა ცხოვრება
653 _aსასწაულმოქმედი ხატები
653 _aრელიგია
653 _aქრისტიანობა
700 _aკენკიშვილი, კახაბერ
_eშემდგენელი
_96099
700 _aმამაცაშვილი, თამარ
_eპროექტის რედაქტორი
_96100
942 _cBK
_2udc